书目信息 |
| 题名: |
当戏楼已成往事
|
|
| 作者: | 艾绍强 编 | |
| 分册: | ||
| 出版信息: | 北京 商务印书馆 2011.04 |
|
| 页数: | 280页 | |
| 开本: | 23cm | |
| 丛书名: | 细节中国系列丛书 | |
| 单 册: | ||
| 中图分类: | G122 | |
| 科图分类: | ||
| 主题词: | 城市文化--中国 , 城市文化 | |
| 电子资源: | ||
| ISBN: | 978-7-100-07500-8 | |
| 000 | 00859oam2 2200265 45 | |
| 001 | 512 | |
| 005 | 20120531162041.79 | |
| 010 | @a978-7-100-07500-8@dCNY49.00 | |
| 100 | @a20120328d2011 em y0chiy50 ea | |
| 101 | 0 | @achi |
| 102 | @aCN@b110000 | |
| 105 | @aa z 000yy | |
| 106 | @ar | |
| 200 | 1 | @a当戏楼已成往事@ADang Xi Lou Yi Cheng Wang Shi@f艾绍强编@FAi Shao Qiang Bian |
| 210 | @a北京@c商务印书馆@d2011.04 | |
| 215 | @a280页@c图,照片@d23cm | |
| 225 | 2 | @a细节中国系列丛书 |
| 330 | @a本书讲的是关于城市的故事。主要内容包括:寻访北京“原住民”;当戏楼已成往事;北京,流浪者的梦想;所谓海派;上海创造,苏州河畔SOHO梦等。 | |
| 461 | 0 | @12001 @a细节中国系列丛书 |
| 606 | 0 | @a城市文化@y中国 |
| 606 | 0 | @a城市文化 |
| 690 | @aG122@v4 | |
| 701 | 0 | @a艾绍强@AAi Shao Qiang@4编 |
| 801 | 0 | @aCN@bTSTCL@c20120328 |
| 905 | @b0811940-44@dG122@e112@f5 | |
| 当戏楼已成往事/艾绍强编.-北京:商务印书馆,2011.04 |
| 280页:图,照片;23cm.-(细节中国系列丛书) |
| ISBN 978-7-100-07500-8:CNY49.00 |
| 本书讲的是关于城市的故事。主要内容包括:寻访北京“原住民”;当戏楼已成往事;北京,流浪者的梦想;所谓海派;上海创造,苏州河畔SOHO梦等。 |
| ● |
| 相关链接 |
|
|
|
|
正题名:当戏楼已成往事
索取号:G122/112
 
预约/预借
| 序号 | 登录号 | 条形码 | 馆藏地/架位号 | 状态 | 备注 |
| 1 | 0811940 | 208119409 | 第一样本阅览室/ [索取号:G122/112] | 在馆 | |
| 2 | 0811941 | 208119418 | 第四借阅区/ [索取号:G122/112] | 在馆 | |
| 3 | 0811942 | 208119427 | 第四借阅区/ [索取号:G122/112] | 在馆 | |
| 4 | 0811943 | 208119436 | 第四借阅区/ [索取号:G122/112] | 在馆 | |
| 5 | 0811944 | 208119445 | 第四借阅区/ [索取号:G122/112] | 在馆 |